Spicer and Pegler's book keeping and accounts workbook (Record no. 76707)

MARC details
000 -LEADER
fixed length control field 01043nam a2200205 a 4500
008 - FIXED-LENGTH DATA ELEMENTS--GENERAL INFORMATION
fixed length control field 120416s1988 ||||||||||||||||| || u
020 ## - INTERNATIONAL STANDARD BOOK NUMBER
International Standard Book Number 0406678138
050 ## - LIBRARY OF CONGRESS CALL NUMBER
Classification number HF 5661 Gee
100 ## - MAIN ENTRY--PERSONAL NAME
Personal name Gee, Paul
245 10 - TITLE STATEMENT
Title Spicer and Pegler's book keeping and accounts workbook
260 ## - PUBLICATION, DISTRIBUTION, ETC.
Place of publication, distribution, etc. London
Name of publisher, distributor, etc. Butterworths
Date of publication, distribution, etc. 1988
300 ## - PHYSICAL DESCRIPTION
Extent xiii, 244p.
350 ## -
-- 0.00
650 ## - SUBJECT ADDED ENTRY--TOPICAL TERM
Topical term or geographic name entry element TEXTBOOKS
650 ## - SUBJECT ADDED ENTRY--TOPICAL TERM
Topical term or geographic name entry element BOOK-KEEPING
995 ## -
-- ANNEX COLLECTION (Main Library)
-- 0.00
-- 721179
-- CBU-MAIN LIBRARY (Kitwe)
-- 4
-- 9.50
-- HF 5661 Gee
-- 1
-- AVAILABLE
-- 007292
-- Annex Low-Usage Collection
995 ## -
-- MAIN LIBRARY OPEN ACCESS
-- 0.00
-- 721180
-- CBU-MAIN LIBRARY (Kitwe)
-- 3
-- 9.50
-- HF 5661 Gee
-- 4
-- LOST
-- 721180
-- Main Library Open Access Collection
995 ## -
-- MAIN LIBRARY OPEN ACCESS
-- 0.00
-- 721178
-- CBU-MAIN LIBRARY (Kitwe)
-- 1
-- 9.50
-- HF 5661 Gee
-- 3
-- LOST
-- 721178
-- Main Library Open Access Collection
995 ## -
-- ANNEX COLLECTION (Main Library)
-- 0.00
-- 721177
-- CBU-MAIN LIBRARY (Kitwe)
-- 2
-- 9.50
-- HF 5661 Gee
-- 2
-- AVAILABLE
-- 007293
-- Annex Low-Usage Collection
999 ## -
-- 76707
-- 76707
Holdings
Withdrawn status Lost status Source of classification or shelving scheme Damaged status Not for loan Permanent Location Current Location Shelving location Date acquired Total Checkouts Full call number Barcode Date last seen Copy number Price effective from Koha item type
          CBU-MAIN LIBRARY, KITWE. CBU-MAIN LIBRARY, KITWE.   04/25/2023   HF 5661 Gee 007292 04/25/2023 1 04/25/2023 MONOGRAPH
          CBU-MAIN LIBRARY, KITWE. CBU-MAIN LIBRARY, KITWE.   04/25/2023   HF 5661 Gee 721180 04/25/2023 2 04/25/2023 MONOGRAPH
          CBU-MAIN LIBRARY, KITWE. CBU-MAIN LIBRARY, KITWE.   04/25/2023   HF 5661 Gee 721178 04/25/2023 3 04/25/2023 MONOGRAPH
          CBU-MAIN LIBRARY, KITWE. CBU-MAIN LIBRARY, KITWE.   04/25/2023   HF 5661 Gee 007293 04/25/2023 4 04/25/2023 MONOGRAPH